Λεξικόν της Ρωμαικής και Αρβανιτικής απλής : φιλολογική έκδοση του αυτογράφου Τίτου Π. Γιαχάλα

Αποθηκεύτηκε σε:
Λεπτομέρειες βιβλιογραφικής εγγραφής
Κύριος συγγραφέας: Μπότσαρης, Μάρκος 1790-1823
Άλλοι συγγραφείς: Γιοχάλας, Τίτος Π., 1942- (Επιμελητής έκδοσης)
Μορφή: Βιβλίο
Γλώσσα:Greek
Δημοσίευση: Αθήνα : 1993
Θέματα:
Ετικέτες: Προσθήκη ετικέτας
Δεν υπάρχουν, Καταχωρήστε ετικέτα πρώτοι!

MARC

LEADER 00000nam a2200000 i 4500
001 1/8189
008 960507s1993 gre d
035 |l 10017003 
040 |a GR-MY-UA  |b gre  |e aacr 
041 0 |a gre 
082 0 |a REF 489.91991 
100 1 |a Μπότσαρης, Μάρκος  |d 1790-1823. 
245 1 0 |a Λεξικόν της Ρωμαικής και Αρβανιτικής απλής :  |b φιλολογική έκδοση του αυτογράφου Τίτου Π. Γιαχάλα /  |c Μάρκος Μπότσαρης 
260 |a Αθήνα :   |c 1993 
300 |a 422 σ.  |b εικ. 
500 |a Τίτλος της πρώτης εκδόσεως: Το ελληνό-αλβανικόν λεξικόν του Μάρκου Μπότσαρη (φιλολογική έκδοσις εκ του αυτογράφου) υπό Τίτου Π. Γιοχάλα 
650 0 0 |a Greek language  |x Dictionaries  |x Albanian. 
650 0 0 |a Albanian language  |x Dictionaries  |x Greek. 
700 1 |a Γιοχάλας, Τίτος Π.,   |d 1942-  |4 edt 
852 |a INST  |b LESVOS  |e 19960507  |h 489.91991 ΜΠΟ  |p 005100009122  |q 005100009122  |t REF  |y 23 
909 |a Λ  |b 043053 
922 |a 1ΕΛΗ  |b 199512  |c ΔΕΛΒΕΡΟΥΔΗ 
950 |a 140/1995-10-24